LEADER 01503nam0 22003493i 450 001 PUV0542019 005 20231121125616.0 010 $a0865160147 100 $a20170926d1982 ||||0itac50 ba 101 | $aeng$clat 102 $aus 181 1$6z01$ai $bxxxe 182 1$6z01$an 200 1 $aPhormio$ea comedy by Terence$emanuscript reproduction, facing transcription, edited latin texts, notes, vocabulary$fedited by Elaine M. Coury 210 $aWauconda, Illinois$cBolchazy-Carducci$d©1982 215 $aXXXIII, 224 p.$cill.$d22 cm. 500 10$aPhormio.$3UBOE001671$9CFIV069531$9868405 606 $aTerenzio Afro, Publio . Phormio$xCommenti$2FIR$3RMLC438247$9E 676 $a872.01$9Poesia drammatica e letteratura drammatica latina. Periodo romano, fino al 499 ca.$v22 700 1$aTerentius Afer$b, Publius$3CFIV069531$4070$0439355 702 1$aCoury$b, Elaine Marie$3UFIV130735 790 1$aTerentius$b, Publius Afer$3CAGV024322$zTerentius Afer, Publius 790 0$aTerenzio$3CFIV069532$zTerentius Afer, Publius 790 1$aTerenzio Afro$b, Publio$3CFIV069535$zTerentius Afer, Publius 801 3$aIT$bIT-01$c20170926 850 $aIT-FR0017 899 $aBiblioteca umanistica Giorgio Aprea$bFR0017 $eN 912 $aPUV0542019 950 0$aBiblioteca umanistica Giorgio Aprea$d 52S.SIJ. LL2 Ter.Pho.Cou.$e 52FLS0000181525 VMB RS $fA $h20170926$i20170926 977 $a 52 996 $aPhormio$9868405 997 $aUNICAS LEADER 01245nam2 22002773i 450 001 CAG0067560 005 20251003044102.0 100 $a20080721d1921 ||||0itac50 ba 101 | $aita 102 $ait 181 1$6z01$ai $bxxxe 182 1$6z01$an 200 1 $aDella cittadinanza$eappendice: istruzioni ministeriali sulla naturalizzazione per decreto reale, sulla cittadinanza in Tripolitania e su modifiche ai registri di cittadinanza e note relative al Trattato di pace di San Germano$fFrancesco Degni 210 $aNapoli$cE. Marghieri$aTorino$cUnione Tip.-Editrice Torinese$d1921 215 $a346 p.$d24 cm. 462 1$1001MIL0360097$12001 $aˆ2: ‰Delle persone. 606 $aDiritto civile$2FIR$3CFIC000410$9E 676 $a346$9DIRITTO PRIVATO$v23 700 1$aDegni$b, Francesco$3MILV012920$4070$0191632 801 3$aIT$bIT-000000$c20080721 850 $aIT-BN0095 $aIT-AV0007 $aIT-NA0079 912 $aCAG0067560 950 2$aBiblioteca Centralizzata di Ateneo$d 01D (AR) 5 334$e 01AR 0070053345 VMA A4 1 v.$fY $h20230510$i20230510$lFondo Chiomenti$mEx Libris 977 $a 01$a AV$a BN 996 $aDella cittadinanza$9690935 997 $aUNISANNIO